| 000 | 01012nam a22003017a 4500 | ||
|---|---|---|---|
| 001 | 5150 | ||
| 003 | FISKH | ||
| 005 | 20241107152704.0 | ||
| 008 | 241107b cb ||||| |||| 00| 0 eng d | ||
| 020 | _a9780439587402 | ||
| 040 |
_aFISKH _beng _cFISKH _dFISKH |
||
| 050 | _aE178.D2525 | ||
| 082 | _a973 | ||
| 100 | _aDavis, Kenneth | ||
| 245 |
_aDon't Know Much About American History / _cby Kenneth C. Davis |
||
| 250 | _aFirst Scholastic printing, January 2004 | ||
| 260 |
_aNew York : _bScholastic ; _c2003. |
||
| 300 |
_a224 pages : _billustrations ; _c24 cm . |
||
| 490 | _aDon't Know Much About | ||
| 505 | _aZ | ||
| 520 | _aPresents, in question and answer format, a history of the United States from the exploration of Christopher Columbus to the terrorist attacks of September 11, 2001. | ||
| 521 | 8 |
_a1130
_bLexile |
|
| 521 | 8 |
_aZ
_bRaz-Plus |
|
| 650 |
_aAmerican history _vnon-fiction |
||
| 700 |
_aFaulkner, Matt _eillustrator |
||
| 942 |
_2ddc _cBK _n0 |
||
| 999 |
_c5150 _d5150 |
||